000 00363cam a2200145ua 4500
041 _aeng
_h
082 _a824
_bBEL/CE
100 _aBelloc, Caxton .
245 _aCentury of English essays /
_cCaxton Belloc.
_hTextual Documents
260 _aLondon :
_bJ M Dent and Sons Ltd ,
_c1959.
300 _a500 ; .
504 _a
942 _cBK
999 _c8883
_d8883